| 000 | 00666na a2200229 4500 | ||
|---|---|---|---|
| 001 | 18704 | ||
| 003 | MIRAKIL | ||
| 005 | 20181213155121.0 | ||
| 008 | 170116b tu 000 0 | ||
| 035 | _a18704 | ||
| 040 |
_aMilas _btur _cTR-AnCHP |
||
| 041 | _atur | ||
| 082 |
_a350.561 _aT84k 1994 |
||
| 090 | _a350.561 T84k 1994 | ||
| 100 | _aTulum, Cahit | ||
| 245 |
_aKamu yönetiminde yeniden yapılanma _cCahit Tulum |
||
| 260 |
_a[Ankara] _bToplumsal, Ekonomik, Siyasal Araştırmalar Vakfı _c1994 |
||
| 300 |
_a160 s. _c20 sm. |
||
| 490 |
_aToplumsal, Ekonomik, Siyasal Araştırmalar Vakfı _v3 |
||
| 650 |
_aKamu yönetimi _zTürkiye |
||
| 942 |
_2ddc _cBKS |
||
| 999 |
_c6825 _d6825 |
||